000 00482nam a22001697a 4500
005 20240904123808.0
008 240904b |||||||| |||| 00| 0 eng d
022 _a10233806
041 _aEnglish
082 _a349 BUT
100 _lEnglish
245 _aButterworths Law Reports: Labour Law 2024
260 _aDurban:
_bLexisNexis (Pty) Ltd,
_c2024
300 _bxxiii, 663 pages;
_c25 cm.
650 _aLegal practice
_bLaw
942 _cBK
_6ALISON_BN_VRIES
999 _c3011
_d3011